000 00227nam a22000857a 4500
008 170603b xxu||||| |||| 00| 0 eng d
100 _93255
_aAgarwall D. S
245 _aJokes of Hicks chilli
260 _aNew Delhi
_bFusion Books
_c2003
999 _c6569
_d6569